[Event "Tungsram"]
[Site "Budapest"]
[Date "1977.??.??"]
[Round "?"]
[White "Bronstein, David I"]
[Black "Lukacs, Peter"]
[Result "1-0"]
[WhiteElo "2560"]
[BlackElo "2450"]

1.e4 e5 2.Nf3 Nc6 3.Bb5 a6 4.Ba4 Nf6 5.O-O Be7 6.Re1 b5 7.Bb3 O-O 8.c3 d6
9.h3 Nb8 10.d4 Nbd7 11.Bg5 Bb7 12.Nbd2 Re8 13.Bh4 h6 14.Bc2 Bf8 15.a4 c5
16.dxe5 dxe5 17.b3 Bc6 18.Nh2 Re6 19.Nhf1 Qc7 20.Ne3 Qb7 21.c4 b4 22.Nd5 Nh7
23.Nf1 Ng5 24.Nfe3 Rg6 25.Bg3 Ne6 26.Nf5 Re8 27.Nh4 Rg5 28.Nf3 Rxg3 29.fxg3 Nd4
30.Nh2 g6 31.Bd3 Bg7 32.Ra2 f5 33.exf5 Bxd5 34.cxd5 gxf5 35.g4 e4 36.gxf5 Nxf5
37.Nf1 Nd6 38.Rae2 Bd4+ 39.Kh1 Nf6 40.Bc2 Qxd5 41.Ng3 Nf5 42.Nxf5 Qxf5 43.Rf1 Qg5
44.Qe1 Bc3 45.Qf2 Bd4 46.Qf5 Kg7 47.Qxg5+ hxg5 48.g4 Rh8 49.Kg2 Nd5 50.Rxe4 Ne3+
51.Rxe3 Bxe3 52.Bd3 a5 53.Re1 Bf4 54.Re7+ Kf6 55.Ra7 Rd8 56.Bc4 Rd2+ 57.Kf3 Rh2
58.Ke4 Rxh3 59.Ra6+ Ke7 60.Rxa5 Kd6 61.Ra6+ Kc7 62.a5 Re3+ 63.Kf5 Kb7 64.Rb6+ Kc7
65.Rh6 Re7 66.Rh8 Rd7 67.Be6 Rd2 68.Rh7+ Kd8 69.Bc4 Rd7 70.Rh6 Kc7 71.a6 Kb8
72.Rb6+ Ka7 73.Rc6 Be3 74.Ke4 Re7+ 75.Kd3 Bd4 76.Bd5 Re8 77.Rg6 Rf8 78.Bc4 Rf3+
79.Ke4 Rf4+ 80.Kd5 Be3 81.Rg7+ Ka8 82.Ke6 Re4+ 83.Kd6 Bf4+ 84.Kc6  1-0

[Event "Rubinstein mem"]
[Site "Polanica Zdroj"]
[Date "1977.??.??"]
[Round "3"]
[White "Kuzmin, Gennadi P"]
[Black "Vogt, Lothar"]
[Result "1-0"]
[WhiteElo "2550"]
[BlackElo "2495"]

1.e4 e5 2.Nf3 Nc6 3.Bb5 a6 4.Ba4 Nf6 5.O-O Be7 6.Re1 b5 7.Bb3 d6 8.c3 O-O
9.h3 Nb8 10.d4 Nbd7 11.Nbd2 Bb7 12.Bc2 Re8 13.Nf1 Bf8 14.Ng3 g6 15.a4 c5
16.d5 Nb6 17.Bg5 h6 18.Be3 Nc4 19.Bc1 Nb6 20.b3 bxa4 21.bxa4 a5 22.Bd3 c4
23.Bf1 Ba6 24.Be3 Nbd7 25.Qd2 Kh7 26.Qa2 Qc7 27.Nd2 Rec8 28.Be2 Rab8 29.Ngf1 Nxe4
30.Nxe4 f5 31.Ned2 f4 32.Ne4 fxe3 33.Nxe3 Nc5 34.Nxc5 Qxc5 35.Qc2 Kg7 36.h4 h5
37.Bf3 Qa7 38.Rab1 Qf7 39.Rxb8 Rxb8 40.Rb1 Rxb1+ 41.Qxb1 Bc8 42.Qb6 Be7 43.Qc7 Qf8
44.g3 Qd8 45.Qxc4 Bd7 46.Be4 Qb6 47.Bc2 Bd8 48.Qe4 Be8 49.g4 Bxh4 50.gxh5 Bg5
51.Nc4 Qd8 52.hxg6 Bf4 53.Qf5 Qe7 54.Nxa5 Bd7 55.Qh5 Bh6 56.Nc4  1-0

[Event "Sochi"]
[Site "Sochi"]
[Date "1977.??.??"]
[Round "?"]
[White "Tal, Mihail"]
[Black "Durao, Joaquim"]
[Result "1-0"]
[WhiteElo "2620"]
[BlackElo "2305"]

1.e4 e5 2.Nf3 Nc6 3.Bb5 a6 4.Ba4 Nf6 5.O-O Be7 6.Re1 b5 7.Bb3 d6 8.c3 O-O
9.h3 Nb8 10.d4 Nbd7 11.Nbd2 Bb7 12.Bc2 Re8 13.Nf1 Bf8 14.Ng3 g6 15.a4 c5
16.d5 c4 17.Bg5 Rb8 18.Qd2 Nc5 19.Rf1 Bg7 20.Nh2 Bc8 21.axb5 axb5 22.Kh1 Rf8
23.f3 Qc7 24.f4 exf4 25.Qxf4 Ne8 26.Qd2 b4 27.cxb4 Na6 28.Ng4 Bxg4 29.Rxa6 Bd7
30.Ba4 c3 31.bxc3 Bxc3 32.Qd3 Be5 33.Bxd7 Qxd7 34.Rb1 Nc7 35.Rc6 Nb5 36.Rbc1 Qa7
37.Ne2 Qa4 38.Bd2 Qa7 39.Ng1 Nd4 40.Be3 Rxb4 41.R6c4 Rfb8 42.Rxb4 Rxb4 43.Rc8+  1-0

[Event "Sochi"]
[Site "Sochi"]
[Date "1977.??.??"]
[Round "?"]
[White "Suetin, Alexey S"]
[Black "Durao, Joaquim"]
[Result "1/2-1/2"]
[WhiteElo "2525"]
[BlackElo "2305"]

1.e4 e5 2.Nf3 Nc6 3.Bb5 a6 4.Ba4 Nf6 5.O-O Be7 6.Re1 b5 7.Bb3 d6 8.c3 O-O
9.h3 Nb8 10.d4 Nbd7 11.Nbd2 Bb7 12.Bc2 Re8 13.Nf1 Bf8 14.Ng3 g6 15.a4 c5
16.d5 c4 17.Be3 Nc5 18.Nd2 Nfd7 19.Rf1 Nb6 20.axb5 axb5 21.Rxa8 Qxa8 22.f4 exf4
23.Bxf4 Nbd7 24.Nf3 Ne5 25.Nxe5 dxe5 26.Bg5 Qc8 27.Qf3 Qd7 28.Bf6 Bc8 29.Kh1 h6
30.Ne2 Nb7 31.Ng1 Nd6 32.g4 Bg7 33.Bxg7 Kxg7 34.Qf6+ Kh7 35.Kg2 Qe7 36.Kg3 Qxf6
37.Rxf6 Rd8 38.h4 g5 39.hxg5 hxg5 40.Rf1 Kg7 41.Ra1 Bb7 42.Nf3 f6 43.Nd2 Ra8
44.Rxa8 Bxa8 45.b3 Bb7 46.bxc4 bxc4 47.Ba4 Bc8 48.Kf3  1/2-1/2

[Event "Bogota"]
[Site "Bogota"]
[Date "1978.??.??"]
[Round "?"]
[White "Sigurjonsson, Gudmundur"]
[Black "Cuellar Gacharna, Miguel"]
[Result "0-1"]
[WhiteElo "2500"]
[BlackElo "2365"]

1.e4 e5 2.Nf3 Nc6 3.Bb5 a6 4.Ba4 Nf6 5.O-O Be7 6.Re1 b5 7.Bb3 O-O 8.c3 d6
9.h3 Nb8 10.d4 Nbd7 11.Nbd2 Bb7 12.Bc2 Re8 13.Nf1 Bf8 14.Ng3 g6 15.a4 c5
16.d5 Nb6 17.Qe2 Nxa4 18.Bxa4 bxa4 19.Rxa4 Nd7 20.b3 Bc8 21.Ra3 Rb8 22.c4 Nf6
23.Bd2 Bg7 24.Rb1 Re7 25.Ne1 Qf8 26.Nd3 Bh6 27.Ba5 Reb7 28.b4 Bd7 29.Rba1 cxb4
30.Rb3 Qc8 31.Rxb4 Bf8 32.Rc1 Be8 33.Nf1 Nd7 34.Rxb7 Qxb7 35.Bb4 Qb6 36.Nd2 a5
37.Ba3 Qa6 38.Qe3 Rb7 39.Rc2 a4 40.Rc1 Qa5 41.Kh1 f6 42.f4 exf4 43.Qxf4 Ne5
44.Qe3 Nf7 45.Nf4 Bd7 46.Rc2 Bh6 47.Qg3 Rb3 48.Nxb3 axb3 49.Qxb3 Qe1+ 50.Kh2 Bxf4+  0-1

[Event "Buenos Aires ol (Men)"]
[Site "Buenos Aires"]
[Date "1978.??.??"]
[Round "?"]
[White "Lee, Courtney"]
[Black "Shoumali, S."]
[Result "0-1"]
[WhiteElo "2200"]
[BlackElo "2200"]

1.e4 e5 2.Nf3 Nc6 3.Bb5 a6 4.Ba4 Nf6 5.O-O Be7 6.Re1 b5 7.Bb3 O-O 8.c3 d6
9.h3 Nb8 10.d4 Nbd7 11.Nbd2 Bb7 12.Bc2 Re8 13.Nf1 Bf8 14.Ng3 g6 15.Nh2 c5
16.f4 Qc7 17.f5 cxd4 18.cxd4 exd4 19.Nf3 d5 20.e5 Nxe5 21.Nxe5 Rxe5 22.Bd3 Rxe1+
23.Qxe1 Re8 24.Qf2 Ne4 25.Bxe4 dxe4 26.fxg6 hxg6 27.Bf4 Qc6 28.Ne2 e3 29.Qg3 d3
30.Nd4 Qe4 31.Nf3 d2 32.a3 Qc2  0-1

[Event "Buenos Aires ol (Men)"]
[Site "Buenos Aires"]
[Date "1978.??.??"]
[Round "?"]
[White "Hase, Juan C"]
[Black "Matanovic, Aleksandar"]
[Result "1/2-1/2"]
[WhiteElo "2410"]
[BlackElo "2505"]

1.e4 e5 2.Nf3 Nc6 3.Bb5 a6 4.Ba4 Nf6 5.O-O Be7 6.Re1 b5 7.Bb3 d6 8.c3 O-O
9.h3 Nb8 10.d4 Nbd7 11.Nbd2 Bb7 12.Bc2 Re8 13.Nf1 Bf8 14.Ng3 g6 15.a4 c5
16.d5 c4 17.Be3 Nc5 18.Qe2 Bg7 19.Nd2 Qc7 20.Ra2 Rab8 21.axb5 axb5 22.Rea1 Bc8
23.Ra7 Rb7 24.Ra8 Bd7 25.Qf1 Rxa8 26.Rxa8+ Rb8 27.Qa1 Be8 28.Ra7 Rb7 29.Ra8 Rb8
30.Ra7 Rb7 31.Ra8  1/2-1/2

[Event "Buenos Aires ol (Men)"]
[Site "Buenos Aires"]
[Date "1978.??.??"]
[Round "?"]
[White "Gruenfeld, Yehuda"]
[Black "Romanishin, Oleg M"]
[Result "1/2-1/2"]
[WhiteElo "2200"]
[BlackElo "2610"]

1.e4 e5 2.Nf3 Nc6 3.Bb5 a6 4.Ba4 Nf6 5.O-O Be7 6.Re1 b5 7.Bb3 d6 8.c3 O-O
9.h3 Nb8 10.d4 Nbd7 11.Nbd2 Bb7 12.Bc2 Re8 13.b4 Bf8 14.a4 g6 15.Bd3 d5 16.dxe5 dxe4
17.Bxe4 Nxe4 18.Nxe4 Bxe4 19.Rxe4 Nxe5 20.Qxd8 Nxf3+ 21.gxf3 Rexd8 22.Bg5 Rd5
23.Bf6 Rf5 24.Be5 c6 25.axb5 cxb5 26.Kg2 h5 27.Rd1 Re8 28.Bd4 Rc8 29.Ra1 Ra8
30.Rae1 Rd5 31.f4 Rc8 32.f5 gxf5 33.Re8 Rdd8 34.R8e3 Rc6 35.Kf3 Bg7 36.Bc5 f4
37.Re8+ Rxe8 38.Rxe8+ Kh7 39.Bd4 Bxd4 40.cxd4 Rc4 41.Ra8 Rxd4 42.Rxa6 Rxb4
43.h4 Kg7 44.Rd6 f6 45.Rd5 Kg6 46.Rc5 Rb2 47.Rd5 b4 48.Rb5 Rb3+ 49.Kxf4 Rh3
50.Ke4 Rxh4+ 51.f4 Rh1 52.Rxb4 Re1+ 53.Kf3 Rf1+ 54.Kg2 Ra1 55.Rb5 Ra3 56.Rc5 h4
57.Rb5 f5 58.Rc5 Ra4 59.Kf3 Ra2 60.Rb5 Ra3+ 61.Kg2 Ra4 62.Kf3 Ra2 63.Rc5 h3
64.Kg3 h2 65.Rc1 Kh5 66.Rh1 Ra3+ 67.Kxh2 Kg4 68.Rf1 Ra2+ 69.Kh1 Kg3 70.Kg1 Rh2
71.Ra1 Rg2+ 72.Kh1 Re2 73.Rf1  1/2-1/2

[Event "Buenos Aires ol (Men)"]
[Site "Buenos Aires"]
[Date "1978.??.??"]
[Round "?"]
[White "Sampouw, Jacobus S"]
[Black "Cifuentes Parada, Roberto"]
[Result "1-0"]
[WhiteElo "2315"]
[BlackElo "2270"]

1.e4 e5 2.Nf3 Nc6 3.Bb5 a6 4.Ba4 Nf6 5.O-O Be7 6.Re1 b5 7.Bb3 d6 8.h3 O-O
9.c3 Nb8 10.d4 Nbd7 11.Nbd2 Bb7 12.Bc2 Re8 13.Nf1 Bf8 14.Ng3 g6 15.Bg5 h6
16.Bd2 c5 17.d5 c4 18.Be3 Nc5 19.Nh2 Bc8 20.f4 exf4 21.Bxf4 Bg7 22.Qf3 Ncd7
23.Rad1 Ne5 24.Qf2 Nfd7 25.Rf1 Qe7 26.Qd2 Kh7 27.Nf3 Nxf3+ 28.Rxf3 Ne5 29.Rf2 Bd7
30.Rdf1 Rf8 31.Ne2 Rac8 32.Nd4 a5 33.a3 Rc7 34.Qe3 Rb7 35.Qg3 b4 36.Nc6 Bxc6
37.dxc6 Rb6 38.Ba4 b3 39.Rd2 Qc7 40.Rd4 Rbb8 41.Rfd1 Rbd8 42.Qe3 Nd3 43.R4xd3 cxd3
44.Qxd3 Be5 45.Be3 f5 46.exf5 Rxf5 47.Qa6 Rb8 48.Qa7 Rf7 49.Qxc7 Rxc7 50.Kf2 Kg7
51.Ke2 Kf6 52.Rf1+ Ke6 53.Bxh6 Kd5 54.Kd3 Rxc6 55.Bxc6+ Kxc6 56.a4 Rh8 57.Bg5 Rh5
58.Bf6 Bg3 59.Kc4 Bh4 60.Bxh4 Rxh4+ 61.Kxb3 Re4 62.Rf6 g5 63.Rf5 g4 64.Rxa5 gxh3
65.gxh3 Rh4 66.Rb5 Rxh3 67.Kb4 d5 68.Rc5+ Kd6 69.b3 Rh8 70.c4 dxc4 71.Rxc4 Rb8+
72.Ka3 Kd5 73.Rc1  1-0

[Event "Buenos Aires ol (Men)"]
[Site "Buenos Aires"]
[Date "1978.??.??"]
[Round "?"]
[White "Carvalho, Herbert Abreu"]
[Black "Scholz, Guillermo"]
[Result "1/2-1/2"]
[WhiteElo "2265"]
[BlackElo "2350"]

1.e4 e5 2.Nf3 Nc6 3.Bb5 a6 4.Ba4 Nf6 5.O-O Be7 6.Re1 b5 7.Bb3 d6 8.c3 O-O
9.h3 Nb8 10.d4 Nbd7 11.Nbd2 Bb7 12.Bc2 Re8 13.b4 Bf8 14.a4 Nb6 15.a5 Nbd7
16.Bb2 Rb8 17.Qb1 Nh5 18.Bd3 Nf4 19.Bf1 g6 20.g3 Nh5 21.c4 bxc4 22.Bxc4 Bg7
23.Qa2 Rf8 24.dxe5 Nxe5 25.Nxe5 Bxe5 26.Rab1 Bc8 27.Bxe5 dxe5 28.h4 Ng7 29.Nf3 Qf6
30.Re3 Bg4 31.Kg2 Be6 32.Qe2 Bxc4 33.Qxc4 Rb7 34.b5 Qe6 35.Qxe6 Nxe6 36.b6 f6
37.Rc3 Kf7 38.Nd2 cxb6 39.Nc4 Ke7 40.axb6 Rc8 41.Ra1 Nd4 42.Rxa6 Nb5 43.Rc2 Rc6
44.Ne3 Rxc2 45.Nxc2 Kd6 46.Ne3 Nc3 47.Ra7 Kc6 48.Nc4 Rxa7 49.bxa7 Kb7 50.Nd6+ Kxa7
51.f3 Kb6 52.Ne8 f5 53.exf5 gxf5 54.Nf6 Kc6 55.Nxh7 Kd6 56.g4 Ke6 57.g5 Nd5
58.Nf8+ Kf7 59.Nd7 Nf4+ 60.Kf2 e4 61.fxe4 fxe4 62.Kg3 Nd5 63.h5 Kg7 64.Kg4 e3
65.Kf3 Nf4 66.h6+ Kh7 67.Nf8+ Kg8 68.Kxe3 Nh3 69.Ne6 Kh7 70.Nf8+ Kg8 71.g6 Kxf8
72.Ke4 Kg8 73.Ke5 Ng5 74.Kf6 Nh7+ 75.Kf5 Nf8 76.g7 Kf7  1/2-1/2

[Event "Buenos Aires ol (Men)"]
[Site "Buenos Aires"]
[Date "1978.??.??"]
[Round "?"]
[White "Zargouni, T."]
[Black "Saqqa"]
[Result "1-0"]
[WhiteElo "2200"]
[BlackElo "2200"]

1.e4 e5 2.Nf3 Nc6 3.Bb5 a6 4.Ba4 Nf6 5.O-O Be7 6.Re1 b5 7.Bb3 O-O 8.c3 d6
9.h3 Nb8 10.d4 Nbd7 11.Nbd2 Bb7 12.Bc2 Re8 13.Nf1 Bf8 14.Ng3 g6 15.Nh2 c5
16.d5 c4 17.Bg5 h6 18.Be3 Kh7 19.Qe2 Qc7 20.a4 Nc5 21.axb5 axb5 22.Qf3 Bg7
23.Ng4 Nxg4 24.hxg4 f6 25.Nf1 Rab8 26.Qh3 Bc8 27.Nd2 Bd7 28.Qh4 g5 29.Qh5 Rh8
30.Ra2 Qc8 31.f3 Ra8 32.Rxa8 Qxa8 33.Bxc5 Be8 34.Qh1 dxc5 35.Kf2 Qa2 36.Rb1 b4
37.Qc1 Qa6 38.Ra1 Qb5 39.Ba4 Qb7 40.Bxe8 Rxe8 41.Nxc4 bxc3 42.bxc3 Bf8 43.Qb1 Qc7
44.Ra6 Rb8 45.Rb6 Rxb6 46.Qxb6 Qxb6 47.Nxb6 Kg7 48.Ke3 Kf7 49.Kd3 Ke7 50.Kc4 Kd6
51.Na4 Be7 52.Nxc5 Kc7 53.Kb5 Bd6 54.c4 Be7 55.Ne6+ Kc8 56.Kc6  1-0

[Event "ARG-ch"]
[Site "Buenos Aires"]
[Date "1978.??.??"]
[Round "?"]
[White "Hase, Juan C"]
[Black "Emma, Jaime"]
[Result "1/2-1/2"]
[WhiteElo "2410"]
[BlackElo "2390"]

1.e4 Nc6 2.Nf3 e5 3.Bb5 a6 4.Ba4 Nf6 5.O-O Be7 6.Re1 b5 7.Bb3 O-O 8.c3 d6
9.h3 Nb8 10.d4 Nbd7 11.Nbd2 Bb7 12.Bc2 Re8 13.Nf1 Bf8 14.Ng3 g6 15.a4 c5
16.d5  1/2-1/2

[Event "Buenos Aires ol (Men)"]
[Site "Buenos Aires"]
[Date "1978.??.??"]
[Round "?"]
[White "Unzicker, Wolfgang"]
[Black "Matanovic, Aleksandar"]
[Result "1/2-1/2"]
[WhiteElo "2525"]
[BlackElo "2505"]

1.e4 e5 2.Nf3 Nc6 3.Bb5 a6 4.Ba4 Nf6 5.O-O Be7 6.Re1 b5 7.Bb3 d6 8.c3 O-O
9.h3 Nb8 10.d4 Nbd7 11.Nbd2 Bb7 12.Bc2 Re8 13.Nf1 Bf8 14.Ng3 g6 15.Bd2 Bg7
16.Qc1 c5 17.d5 Nb6  1/2-1/2

[Event "Lvov zt"]
[Site "Lvov"]
[Date "1978.??.??"]
[Round "14"]
[White "Kuzmin, Gennadi P"]
[Black "Romanishin, Oleg M"]
[Result "1/2-1/2"]
[WhiteElo "2535"]
[BlackElo "2610"]

1.e4 e5 2.Nf3 Nc6 3.Bb5 a6 4.Ba4 Nf6 5.O-O Be7 6.Re1 d6 7.c3 O-O 8.h3 b5
9.Bb3 Nb8 10.d4 Nbd7 11.Nbd2 Bb7 12.Bc2 Re8 13.Nf1 Bf8 14.Ng3 c5 15.d5 c4
16.Nf5 Qc7 17.g4 Reb8 18.Nh2 Ne8 19.Kh1 a5 20.Rg1 b4 21.g5 g6 22.Nh6+ Bxh6
23.gxh6 Nc5  1/2-1/2

[Event "Banicky kahanec"]
[Site "Prievidza"]
[Date "1978.??.??"]
[Round "?"]
[White "Babev, Aleksandar"]
[Black "Arnaudov, Petar"]
[Result "1/2-1/2"]
[WhiteElo "2335"]
[BlackElo "2260"]

1.e4 e5 2.Nf3 Nc6 3.Bb5 a6 4.Ba4 Nf6 5.O-O Be7 6.Re1 b5 7.Bb3 O-O 8.c3 d6
9.h3 Nb8 10.d4 Nbd7 11.Nbd2 Bb7 12.Bc2 c5 13.Nf1 Re8 14.Ng3 g6 15.Bh6 Bf8
16.Qd2  1/2-1/2

[Event "Schacknytts Jubileumsturnering"]
[Site "Malmo"]
[Date "1979.11.29"]
[Round "4"]
[White "Westerinen, Heikki MJ"]
[Black "Ornstein, Axel"]
[Result "1/2-1/2"]
[WhiteElo "2465"]
[BlackElo "2445"]

1.e4 e5 2.Nf3 Nc6 3.Bb5 a6 4.Ba4 Nf6 5.O-O Be7 6.Re1 b5 7.Bb3 d6 8.c3 O-O
9.h3 Nb8 10.d4 Nbd7 11.Nbd2 Bb7 12.Bc2 Re8 13.b3 Bf8 14.Bb2 g6 15.dxe5 Nxe5
16.Nxe5 dxe5 17.c4 Bb4 18.Re2 Nh5 19.a3 Bxd2 20.Rxd2 Qg5 21.Bc3 bxc4 22.bxc4 Rad8
23.Rxd8 Rxd8 24.Qg4 Qe7 25.Rd1 Rxd1+ 26.Qxd1 Nf4 27.Kh2 Bc8 28.Bb4 c5 29.Ba5 Ne6
30.Qd5 Qg5 31.Bd2 Nf4 32.g3 Qh5 33.gxf4 Qxh3+ 34.Kg1 Qg4+ 35.Kf1 Qh3+ 36.Kg1 Qg4+  1/2-1/2

[Event "HUN-ch"]
[Site "Budapest"]
[Date "1979.??.??"]
[Round "14"]
[White "Karolyi, Tibor Jr"]
[Black "Lukacs, Peter"]
[Result "1/2-1/2"]
[WhiteElo "2310"]
[BlackElo "2420"]

1.e4 e5 2.Nf3 Nc6 3.Bb5 a6 4.Ba4 Nf6 5.O-O Be7 6.Re1 b5 7.Bb3 d6 8.c3 O-O
9.h3 Nb8 10.d4 Nbd7 11.Nbd2 Bb7 12.Bc2 Re8 13.Nf1 Bf8 14.Ng3 g6 15.a4 c5
16.d5 c4 17.Nh2 Nc5 18.Be3 Qc7  1/2-1/2

[Event "Lodz"]
[Site "Lodz"]
[Date "1979.??.??"]
[Round "8"]
[White "Tompa, Janos"]
[Black "Lukacs, Peter"]
[Result "1/2-1/2"]
[WhiteElo "2420"]
[BlackElo "2420"]

1.e4 e5 2.Nf3 Nc6 3.Bb5 a6 4.Ba4 Nf6 5.O-O Be7 6.Re1 b5 7.Bb3 d6 8.c3 O-O
9.h3 Nb8 10.d4 Nbd7 11.Nbd2 Bb7 12.Bc2 Re8 13.Nf1 Bf8 14.Ng3 g6 15.Nh2  1/2-1/2

[Event "Stary Smokovec"]
[Site "Stary Smokovec"]
[Date "1979.??.??"]
[Round "?"]
[White "Plachetka, Jan"]
[Black "Vogt, Lothar"]
[Result "1/2-1/2"]
[WhiteElo "2445"]
[BlackElo "2500"]

1.e4 e5 2.Nf3 Nc6 3.Bb5 a6 4.Ba4 Nf6 5.O-O Be7 6.Re1 b5 7.Bb3 d6 8.c3 O-O
9.h3 Nb8 10.d4 Nbd7 11.Nbd2 Bb7 12.Bc2 Re8 13.a4 c5 14.b3 Bf8 15.Bb2  1/2-1/2

[Event "URS Spartakiad"]
[Site "URS"]
[Date "1979.??.??"]
[Round "?"]
[White "Romanishin, Oleg M"]
[Black "Kakageldyev, Amanmurad"]
[Result "1-0"]
[WhiteElo "2560"]
[BlackElo "2415"]

1.e4 e5 2.Nf3 Nc6 3.Bb5 a6 4.Ba4 Nf6 5.O-O Be7 6.Re1 b5 7.Bb3 d6 8.c3 O-O
9.h3 Nb8 10.d4 Nbd7 11.Nbd2 Bb7 12.Bc2 Re8 13.Nf1 h6 14.Ng3 Bf8 15.b3 g6
16.a4 Bg7 17.d5 bxa4 18.Rxa4 c6 19.c4 Qc7 20.Bd2 Nc5 21.Ba5 Qe7 22.Ra2 Bf8
23.b4 Ncd7 24.Ba4 Rec8 25.Qd2 Ne8 26.Rc1 cxd5 27.cxd5 Rxc1+ 28.Qxc1 f5 29.Bc6 Ndf6
30.Nh4 fxe4 31.Nxg6 Qh7 32.Nxf8 Kxf8 33.Bxb7 Qxb7 34.Nf5 Qxd5 35.Qxh6+ Kf7
36.Rd2 Qe6 37.Qg5 Rc8 38.Bb6 Rc1+ 39.Kh2 Rc6 40.Be3 Nh7 41.Qh5+ Kg8 42.Qg4+ Kh8
43.Bh6 Nhf6  1-0

[Event "BCF-ch"]
[Site "Brighton"]
[Date "1980.08.15"]
[Round "11"]
[White "Britton, Richard"]
[Black "Clarke, Peter H"]
[Result "1/2-1/2"]
[WhiteElo "2330"]
[BlackElo "2355"]

1.e4 e5 2.Nf3 Nc6 3.Bb5 a6 4.Ba4 Nf6 5.O-O Be7 6.Re1 b5 7.Bb3 d6 8.c3 O-O
9.h3 Nb8 10.d4 Nbd7 11.Nbd2 Bb7 12.Bc2 Re8 13.Nf1 Bf8 14.Ng3 g6 15.a4 c5
16.d5 c4 17.Bg5 h6 18.Be3 Nc5 19.Nd2 Nfd7 20.Rf1 Bg7 21.Qc1 Rb8 22.Nf3 Kh7
23.Nh2 Nf6 24.f3 h5 25.Ne2 Qc7 26.g4 hxg4 27.hxg4 Rh8 28.Kg2 Bc8 29.Qd2 Bd7
30.axb5 Rxb5 31.Bxc5 Rxc5 32.Rxa6 Rb8 33.Ra2 Rcb5 34.Ba4 Ra5 35.Rfa1 Rba8
36.Qc2 Bh6 37.Ra3 Qb6 38.Bxd7 Nxd7 39.Nf1 Rxa3 40.bxa3 Kg7 41.a4 Nc5 42.a5  1/2-1/2

[Event "Berlin tt"]
[Site "Berlin-West"]
[Date "1980.??.??"]
[Round "?"]
[White "Roos, Louis"]
[Black "Defize, Alain"]
[Result "1-0"]
[WhiteElo "2255"]
[BlackElo "2200"]

1.e4 e5 2.Nf3 Nc6 3.Bb5 a6 4.Ba4 Nf6 5.O-O Be7 6.Re1 b5 7.Bb3 d6 8.h3 O-O
9.c3 Nb8 10.d4 Nbd7 11.Nbd2 Bb7 12.Bc2 Re8 13.Nf1 Bf8 14.Ng3 g6 15.Nh2 d5
16.dxe5 Nxe4 17.Nxe4 dxe4 18.Ng4 Nxe5 19.Qxd8 Raxd8 20.Nf6+ Kg7 21.Nxe8+ Rxe8
22.Bxe4 Nd3 23.Bh6+ Kxh6 24.Bxd3 Rd8 25.Rad1 Bd6 26.Kf1 Kg7 27.Be4 Bc8 28.Bc6 Be6
29.b3 Rb8 30.Bd5 Bd7 31.Re3 a5 32.g4 Rf8 33.Rde1 Rd8 34.Rd3 Rf8 35.Kg2 Rb8
36.Re2 Rd8 37.f3 Rf8 38.c4 b4 39.Bb7 Rb8 40.Bd5 a4 41.Re1 Rf8 42.Rde3 Kf6
43.bxa4 Bxa4 44.Rd3 Rb8 45.Rd4 Kg7 46.Re2 Rf8 47.Be4 Rb8 48.Rd5 b3 49.Ra5 Rb4
50.axb3 Bxb3 51.c5 Bf4 52.Rb2 Be5 53.Rb1 Ra4 54.Rxa4 Bxa4 55.Rb4 Bd1 56.Kf2 Bc3
57.Rc4 Be5 58.Ke3 Bb3 59.Rb4 Be6 60.f4 Bf6 61.f5 gxf5 62.gxf5 Bc8 63.Rb8 Bg5+
64.Ke2 Ba6+ 65.Bd3 Bxd3+ 66.Kxd3 Kf6 67.Ke4 Bd2 68.Rb7 Ba5 69.Ra7  1-0

[Event "Malta ol (Men)"]
[Site "La Valetta"]
[Date "1980.??.??"]
[Round "?"]
[White "Maki, Veijo"]
[Black "Rivas Pastor, Manuel"]
[Result "1/2-1/2"]
[WhiteElo "2355"]
[BlackElo "2375"]

1.e4 e5 2.Nf3 Nc6 3.Bb5 a6 4.Ba4 Nf6 5.O-O Be7 6.Re1 b5 7.Bb3 d6 8.c3 O-O
9.h3 Nb8 10.d3 c5 11.Nbd2 Nc6 12.Nf1 h6 13.Ne3 Re8 14.Nd5 Bb7 15.Nxe7+ Nxe7
16.Nh2 d5 17.Ng4 Nxg4 18.Qxg4 Ng6 19.Be3 Rc8 20.Rad1 Kh7 21.Bc1 Rc7 22.h4 Nxh4
23.exd5 f5 24.Qh5 Ng6 25.Qxf5 Bxd5 26.Bxd5 Qxd5 27.d4 cxd4 28.cxd4 Rf8 29.Qe4 Qxe4
30.Rxe4 Rc2 31.Be3 exd4 32.Bxd4 Nf4 33.Kh2 Rf5 34.Rde1 Nd3 35.R1e2 Rxe2 36.Rxe2 Rh5+
37.Kg3 Rg5+ 38.Kh2 Nf4 39.Re7 Rxg2+ 40.Kh1 Rg6 41.Ra7 Ne2 42.Bc3 Nf4 43.Be5 Nd3
44.Bd4 Rg4 45.Be3 Nxb2 46.Rxa6 Nc4 47.Bc5 Nd2 48.Kh2 g5 49.Rf6 Kg7 50.Rf5 Kg6
51.Rf8 Rc4  1/2-1/2

[Event "Lido op"]
[Site "Venice"]
[Date "1980.??.??"]
[Round "7"]
[White "Ivanovic, Bozidar"]
[Black "Minic, Dragoljub"]
[Result "1/2-1/2"]
[WhiteElo "2440"]
[BlackElo "2405"]

1.e4 e5 2.Nf3 Nc6 3.Bb5 a6 4.Ba4 Nf6 5.O-O Be7 6.Re1 b5 7.Bb3 d6 8.c3 O-O
9.h3 Nb8 10.d4 Nbd7 11.Nbd2 Bb7 12.Bc2 Re8 13.Nf1 Bf8 14.Ng3 g6 15.Bg5 h6
16.Bd2 c5 17.a4 Bg7 18.dxe5 dxe5 19.Qe2 Bc6 20.axb5 axb5 21.b4 c4  1/2-1/2

[Event "Bochum"]
[Site "Bochum"]
[Date "1981.??.??"]
[Round "?"]
[White "Kavalek, Lubomir"]
[Black "Hort, Vlastimil"]
[Result "1/2-1/2"]
[WhiteElo "2550"]
[BlackElo "2575"]

1.e4 e5 2.Nf3 Nc6 3.Bb5 a6 4.Ba4 Nf6 5.O-O Be7 6.Re1 b5 7.Bb3 d6 8.c3 O-O
9.h3 Nb8 10.d4 Nbd7 11.Nbd2 Bb7 12.Bc2 Re8 13.Nf1 Bf8 14.Ng3 g6 15.a4 c5
16.d5 c4 17.Bg5 h6 18.Be3 Bg7 19.Qd2 Kh7  1/2-1/2

[Event "YUG-ch"]
[Site "Borovo"]
[Date "1981.??.??"]
[Round "?"]
[White "Vukic, Milan"]
[Black "Simic, Radoslav"]
[Result "1/2-1/2"]
[WhiteElo "2505"]
[BlackElo "2440"]

1.e4 e5 2.Nf3 Nc6 3.Bb5 a6 4.Ba4 Nf6 5.O-O Be7 6.Re1 b5 7.Bb3 O-O 8.c3 d6
9.h3 Nb8 10.d4 Nbd7 11.Bg5 Bb7 12.Nbd2 c5 13.d5 Ne8 14.Be3 g6 15.Bh6 Ng7
16.c4 Nb6 17.Qe2 b4 18.g4 Bc8 19.Bc2 a5 20.Nf1 a4 21.Ne3 Nd7 22.Kh1 Kh8 23.Nf1 Nf6
24.Ng3 Ng8 25.Qd2 Nxh6 26.Qxh6 Qe8 27.Rg1  1/2-1/2

[Event "Budva zt"]
[Site "Budva"]
[Date "1981.??.??"]
[Round "5"]
[White "Ivkov, Borislav"]
[Black "Attard, Wilfred"]
[Result "1-0"]
[WhiteElo "2510"]
[BlackElo "2225"]

1.e4 e5 2.Nf3 Nc6 3.Bb5 a6 4.Ba4 Nf6 5.O-O Be7 6.Re1 b5 7.Bb3 d6 8.c3 O-O
9.h3 Nb8 10.d4 Nbd7 11.Nbd2 Bb7 12.Bc2 Re8 13.b3 c5 14.d5 Nb6 15.a4 Qc7 16.Qe2 bxa4
17.bxa4 a5 18.Bd3 Bc8 19.Nc4 Nxc4 20.Bxc4 Bd7 21.Bg5 h6 22.Bxf6 Bxf6 23.Reb1 Reb8
24.Bb5 Bd8 25.Nd2 Qc8 26.Nc4 Bc7 27.Na3 Qe8 28.Rb3 Qd8 29.Rab1 Kf8 30.Nc4 Bxb5
31.Rxb5 Rxb5 32.Rxb5 Rb8 33.Qb2 Rxb5 34.Qxb5 g6 35.Ne3 Kg7 36.Qb7 Qb8 37.Qxb8 Bxb8
38.Kf1 Kf8 39.Ke2 Ke8 40.Kd3 Kd7 41.Kc4 Kc7 42.Kb5 Kb7 43.Kxa5 Bc7+ 44.Kb5 Bb8
45.a5 h5 46.g4 hxg4 47.hxg4 Bc7 48.a6+ Ka7 49.Nc4  1-0

[Event "Gausdal Int"]
[Site "Gausdal"]
[Date "1981.??.??"]
[Round "6"]
[White "Plaskett, Jim"]
[Black "Kraidman, Yair"]
[Result "1/2-1/2"]
[WhiteElo "2405"]
[BlackElo "2440"]

1.e4 e5 2.Nf3 Nc6 3.Bb5 a6 4.Ba4 Nf6 5.O-O Be7 6.Re1 b5 7.Bb3 d6 8.c3 O-O
9.h3 Nb8 10.d4 Nbd7 11.Nbd2 Bb7 12.Bc2 Re8 13.Nf1 Bf8 14.Bg5 h6 15.Bh4 Be7
16.dxe5 Nxe5 17.Nxe5 dxe5 18.Qf3 Nd7 19.Bg3 Bd6 20.Ne3 g6 21.Bb3 Rf8 22.Qg4 Kh7
23.Bh4 h5 24.Qg3 Be7 25.Bxe7 Qxe7 26.Nd5 Bxd5 27.Bxd5 Rad8 28.a4 Nb6 29.axb5 axb5
30.Rad1 Rd6 31.Bb3 Rfd8 32.Rxd6 Rxd6 33.Qe3 Rd8 34.Qe2 c6 35.Qe3 Nc4 36.Bxc4 bxc4
37.Qe2 Rd3 38.Kh2 Qg5 39.Kg1 Kg7 40.Rd1 Qd8 41.Rxd3 cxd3 42.Qd2 c5 43.b3 Qd7
44.f3 Qa7 45.Kf1 Qa1+ 46.Kf2 Qb1 47.h4 Kh7 48.Ke3 Kg8 49.Kf2 Kg7 50.Ke3 Qxb3
51.Qxd3 c4 52.Qd2 Qb6+ 53.Ke2 Qg1 54.Qg5 Qh2 55.Kf2 f6 56.Qg3 Qh1 57.f4 Qc1
58.fxe5  1/2-1/2

[Event "Sokolsky mem"]
[Site "Minsk"]
[Date "1981.??.??"]
[Round "13"]
[White "Gavrikov, Viktor"]
[Black "Chekhov, Valery A"]
[Result "1/2-1/2"]
[WhiteElo "2365"]
[BlackElo "2435"]

1.e4 e5 2.Nf3 Nc6 3.Bb5 a6 4.Ba4 Nf6 5.O-O Be7 6.Re1 b5 7.Bb3 O-O 8.c3 d6
9.h3 Nb8 10.d4 Nbd7 11.Nbd2 Bb7 12.Bc2 Re8 13.Nf1 Bf8 14.Ng3 g6 15.a4 c5
16.d5 c4 17.Bg5 h6 18.Be3 Nc5 19.Qd2 Kh7 20.Ra3 Nfd7 21.Rea1 Bg7 22.Nh2 Qe7
23.Ng4 Qf8 24.axb5 axb5 25.Ra5 h5 26.Nh2 Bh6 27.Nf3 Bxe3 28.Qxe3 Reb8 29.R1a3 Rxa5
30.Rxa5 Ba6 31.Ne2 Qd8 32.Ra1 Ra8 33.Nd2 Bb7  1/2-1/2

[Event "Moscow-ch"]
[Site "Moscow"]
[Date "1981.??.??"]
[Round "15"]
[White "Suetin, Alexey S"]
[Black "Psakhis, Lev"]
[Result "1/2-1/2"]
[WhiteElo "2460"]
[BlackElo "2500"]

1.e4 e5 2.Nf3 Nc6 3.Bb5 a6 4.Ba4 Nf6 5.O-O Be7 6.Re1 b5 7.Bb3 d6 8.c3 O-O
9.h3 Nb8 10.d4 Nbd7 11.Nbd2 Bb7 12.Bc2 c5 13.Nf1 Re8 14.Ng3 Bf8 15.dxe5 dxe5
16.Nf5 Qc7 17.Nh2 Re6 18.Ng4 Rae8 19.Qf3 c4 20.Bg5 Nxg4 21.hxg4 h6 22.Be3 Nf6
23.g5 hxg5 24.Bxg5 Nd7 25.Be3 g6 26.Qg3 Kh8 27.Nh4  1/2-1/2

[Event "Gausdal Int"]
[Site "Gausdal"]
[Date "1982.??.??"]
[Round "6"]
[White "Westerinen, Heikki MJ"]
[Black "Elseth, Roar"]
[Result "1/2-1/2"]
[WhiteElo "2410"]
[BlackElo "2235"]

1.e4 e5 2.Nf3 Nc6 3.Bb5 a6 4.Ba4 Nf6 5.O-O Be7 6.Re1 b5 7.Bb3 d6 8.c3 O-O
9.h3 Nb8 10.d4 Nbd7 11.Nbd2 Bb7 12.Bc2 Re8 13.b3 Bf8 14.Bb2 g6 15.a4 Bg7
16.Bd3 c6 17.Rc1 Rb8 18.b4 Nh5 19.Bf1 Nf4 20.Nb3 Ba8 21.axb5 axb5 22.g3 Ne6
23.Qd2 Qe7 24.Ra1 Nb6  1/2-1/2